| 000 | 00736nam0a22002411 4500 | ||
|---|---|---|---|
| 001 | rc\996976 | ||
| 005 | 20260406021107.0 | ||
| 035 | _a(NLR Aleph) 006163773 | ||
| 090 |
_a5891138 _c5891138 |
||
| 100 | _a20041129d1981 |||y0rusy50 ca | ||
| 101 | 0 | _arus | |
| 102 | _aRU | ||
| 105 | _ay ||||||||| | ||
| 200 | 1 |
_aМы с вами будем _eСтихи _fГригорий Левин |
|
| 210 |
_aМ. _cСов. писатель _d1981 |
||
| 215 |
_a111 с. _d16 |
||
| 700 | 1 |
_4070 _8rus _7ca _aЛевин _bГ. М. _cпоэт _f1917-1994 _gГригорий Михайлович _3RU\NLR\AUTH\77122596 _9105521 |
|
| 801 | 0 |
_aRU _bNLR _gpsbo |
|
| 801 | 1 |
_aRU _bELAR _2rusmarc |
|
| 852 |
_aNLR _j81-2/3295 |
||
| 942 | _cBOOK | ||
| 980 | _aNB | ||